American depositary receipts: descripción jurídica y económica
Wedi'i Gadw mewn:
| Prif Awdur: | |
|---|---|
| Fformat: | Llyfr |
| Iaith: | Sbaeneg |
| Cyhoeddwyd: |
Santiago
Conosur
1998
|
| Pynciau: | |
| Tagiau: |
Ychwanegu Tag
Dim Tagiau, Byddwch y cyntaf i dagio'r cofnod hwn!
|
MARC
| LEADER | 00000nam a2200000 a 4500 | ||
|---|---|---|---|
| 001 | UCP5874 | ||
| 003 | CL-VaPUC | ||
| 008 | 991001e19980000CL |||||||||||||||||spa|d | ||
| 082 | 0 | 4 | |a 346.092 |b FER |2 21 |
| 100 | 0 | |a Fernández Melo, Claudio Patricio |e author |9 434487 | |
| 245 | 1 | 0 | |a American depositary receipts: descripción jurídica y económica |
| 300 | |a 157 p | ||
| 942 | |c BK | ||
| 945 | |d 19991001 00:00:00 |a rbrito | ||
| 260 | |a Santiago |b Conosur |c 1998 | ||
| 650 | 0 | |a American Depositary Receipt (ADR) |x Recibos de Depósito Americanos |9 357445 | |
| 650 | 0 | |a Bolsa de valores |9 329250 | |
| 650 | 0 | |a Análisis jurídico |9 434488 | |
| 650 | 0 | |a Instrumentos financieros |9 410319 | |
| 650 | 0 | |a Letras de cambio |9 254916 | |
| 650 | 0 | |a Acciones |9 334173 | |
| 650 | 0 | |a Mercado de valores |9 378123 | |
| 583 | |a last modification |c 20160105 11:57:08 |k Rodrigo Vera | ||
| 999 | |c 283515 |d 283513 | ||
| 952 | |0 0 |1 0 |4 0 |6 346_092000000000000_FER_1998 |7 0 |8 A |9 326756 |a BIBGIM |b BIBGIM |d 2019-11-20 |i 3532151 |o 346.092 FER 1998 |p 3532151 |r 2025-01-15 |w 2019-11-20 |y BK |k COM | ||